| 000 | 00420nam a22001577a 4500 | ||
|---|---|---|---|
| 005 | 20240611140102.0 | ||
| 008 | 231207b |||||||| |||| 00| 0 eng d | ||
| 082 |
_a297.83 _bAHM-W |
||
| 100 | _aAhmad, Ali Raza | ||
| 245 |
_aWahdat -ul-wajood/ _cAhmad Ali Raza |
||
| 260 |
_aPunjab, Pakistan; _bMinhaaj University; _c2019. |
||
| 300 |
_a359 p.: _c21.5 cm. |
||
| 650 | _aOther Religion/Islam | ||
| 999 |
_c34828 _d34828 |
||